000
00306 a2200145 4500
001
180263
020
_a
040
_c
Magnum
100
_a
Souza, Iza R. de Azevedo
240
1
0
_a
Mosquito eletrico
_l
por
245
1
0
_a
Mosquito eletrico
362
0
_a
1899
697
_a
MAGNITO: I/ANIMAIS
942
_c
BK
999
_c
180263
_d
180263